• 首页
  • 本馆介绍
  • 公告通知
  • 最新文献
  • 馆藏检索
  • 电子资源
  • 读者导购
  • 参考咨询
  • 我的图书馆
  • 登录
  • 详细信息显示
  • 放入我的书架
  • 预约/预借图书
  • 作者相关作品
  • 分类相关作品
  • 丛书相关作品
  • 出版社相关作品

书目信息

  • 表格格式
  • 工作单格式
  • 卡片格式
题名:
生化分离介质的制备与应用
    
 
作者: 王佳兴 , 苏志国 , 马光辉 主编
分册:  
出版信息: 北京   化学工业出版社  2008
页数: 289页
开本: 26cm
丛书名:
单 册:
中图分类: TQ033
科图分类:
主题词: 生物化学--分离--介质--制备 , 生物化学 , 分离 , 介质
电子资源:
ISBN: 978-7-122-03334-5
000 01191nam0 2200289 45
005 20100303145641.51
010    @a978-7-122-03334-5@dCNY59.00
100    @a20090525d2008 ekmy0chiy0120 ea
101 0  @achi@aeng
102    @aCN@b110000
105    @aa z 000yy
106    @ar
200 1  @a生化分离介质的制备与应用@ASheng Hua Fen Li Jie Zhi De Zhi Bei Yu Ying Yong@dBioseparation media: preparations and applications@f王佳兴,苏志国,马光辉主编@FWang Jia Xing, Su Zhi Guo, Ma Guang Hui Zhu Bian@zeng
210    @a北京@c化学工业出版社@d2008
215    @a289页@c图@d26cm
330    @a本书主要阐述了凝胶过滤层析、离子交换层析、疏水层析、亲和层析等分离介质的合成和应用实例,并介绍了层析操作过程中的注意事项,列举了不同类分离介质的商品牌号及性能,同时也对我国生化分离介质的研究成果作了介绍。
510 1  @aBioseparation media:preparations and applications@zeng
606 0  @a生物化学@x分离@x介质@x制备
606 0  @a生物化学
606 0  @a分离
606 0  @a介质
690    @aTQ033@v4
701  0 @a王佳兴@AWang Jia Xing@4主编
701  0 @a苏志国@ASu Zhi Guo@4主编
701  0 @a马光辉@AMa Guang Hui@4主编
801  0 @aCN@bTANGWEI@c20100303
905    @b0584141-45@dTQ033@e188@f5
    
    生化分离介质的制备与应用=Bioseparation media: preparations and applications/王佳兴,苏志国,马光辉主编.-北京:化学工业出版社,2008
    289页:图;26cm
    
    
    ISBN 978-7-122-03334-5:CNY59.00
    本书主要阐述了凝胶过滤层析、离子交换层析、疏水层析、亲和层析等分离介质的合成和应用实例,并介绍了层析操作过程中的注意事项,列举了不同类分离介质的商品牌号及性能,同时也对我国生化分离介质的研究成果作了介绍。
●
相关链接 在E读中查询图书 在五车中查询图书 在当当中查询图书 在豆瓣中查询图书


正题名:生化分离介质的制备与应用     索取号:TQ033/188         预约/预借

序号 登录号 条形码 馆藏地/架位号 状态 备注
1 0584141   205841419   第二样本阅览室/ [索取号:TQ033/188] 在馆    
2 0584142   205841428   第三借阅区/ [索取号:TQ033/188] 在馆    
3 0584143   205841437   第三借阅区/ [索取号:TQ033/188] 在馆    
4 0584144   205841446   第三借阅区/ [索取号:TQ033/188] 在馆    
5 0584145   205841455   第三借阅区/ [索取号:TQ033/188] 在馆    
唐山师范学院图书馆 欢迎您!
大连网信软件有限公司© 版权所有